كيف نتعامل مع الأطفال ذوي الاحتياجات الخاصة / (رقم التسجيلة. 25484)
[ عرض عادي ]
| 000 -الفاتح | |
|---|---|
| حقل البيانات ثابتة الطول | 00823nam a22002177a 4500 |
| 003 - محدد رقم الضبط | |
| رقم الضبط | OSt |
| 005 - وقت وتاريخ اخر تعامل مع التسجيلة | |
| رقم الضبط | 20150408114056.0 |
| 008 - عناصر البيانات ثابتة الطول - معلومات عامة | |
| حقل البيانات ثابتة الطول | 120731s2011 ua ||||| b 00| 0 ara d |
| 040 ## - مصدر الفهرسة | |
| وكالة النسخ | MU |
| 082 04 - رقم تصنيف ديوى العشرى | |
| رقم الطبعة | 21 |
| رقم التصنيف | 371.92 |
| رقم المادة | ع أ ك |
| 100 1# - المدخل الرئيسى - إسم شخصى | |
| الإسم الشخصى | عادل، أيمن محمد. |
| 9 (RLIN) | 16859 |
| 245 10 - بيان العنوان | |
| العنوان | كيف نتعامل مع الأطفال ذوي الاحتياجات الخاصة / |
| بيان المسئوليه,etc | تأليف أيمن محمد عادل. |
| 250 ## - بيان الطبعة | |
| بيان الطبعة | ط. 1. |
| 260 ## - PUBLICATION, DISTRIBUTION, ETC. (IMPRINT) | |
| مكان الناشر او الموزع | الجيزة، مصر : |
| اسم الناشر او الموزع | الدار العالمية للكتب، |
| تاريخ النشر أو التوزيع | 2011. |
| 300 ## - الوصف المادى | |
| التعداد | 307 ص. ؛ |
| أبعاد الوعاء | 24 سم. |
| 504 ## - تبصرة ببليوجرافية | |
| تبصرة ببليوجرافية,الخ | ببليوجرافية : ص. 301 |
| 650 #4 - المدخل الاضافى بالموضوع-مصطلح موضوعى | |
| مصطلح موضوعي أو اسم جغرافي كعنصر مدخل | الفئات الخاصة |
| التقسيم الفرعي العام | تعليم. |
| 9 (RLIN) | 12407 |
| 650 #4 - المدخل الاضافى بالموضوع-مصطلح موضوعى | |
| مصطلح موضوعي أو اسم جغرافي كعنصر مدخل | الأطفال المعوقون |
| التقسيم الفرعي العام | تعليم. |
| 9 (RLIN) | 12382 |
| 650 #4 - المدخل الاضافى بالموضوع-مصطلح موضوعى | |
| مصطلح موضوعي أو اسم جغرافي كعنصر مدخل | الأطفال المعوقون |
| التقسيم الفرعي العام | رعاية. |
| 9 (RLIN) | 14984 |
| 942 ## - عناصر المدخل الإضافي( كوها) | |
| مصدر التصنيف او مخطط الترفيف | Dewey Decimal Classification |
| Koha [default] item type | DVD |
| حالة الفقد | نموذج السعر الفعال | حالة تلف | ليس للاعارة | رقم الطلب | رقم النسخة | تاريخ الاكتساب | الموقع الحالي | الباركود | الفرع الرئيسي | Date last checked out | Date last seen | نوع المادة فى نظام كوها | مصدر التصنيف او خطة الترفيف | Total Checkouts | Total Renewals |
|---|---|---|---|---|---|---|---|---|---|---|---|---|---|---|---|
| 2013-03-10 | 371.92 ع أ ك | ن 1 | 2012-07-31 | المكتبة المركزية بالمجمعة (CL) | 00108540 | المكتبة المركزية بالمجمعة (CL) | 2014-02-17 | 2014-02-26 | كتاب | Dewey Decimal Classification | 1 | ||||
| 2013-03-10 | 371.92 ع أ ك | ن 2 | 2012-07-31 | المكتبة المركزية بالمجمعة (CL) | 00108541 | المكتبة المركزية بالمجمعة (CL) | 2013-03-10 | كتاب | Dewey Decimal Classification | ||||||
| 2013-03-10 | 371.92 ع أ ك | ن 3 | 2012-07-31 | المكتبة المركزية بالمجمعة (CL) | 00108542 | المكتبة المركزية بالمجمعة (CL) | 2013-03-10 | كتاب | Dewey Decimal Classification | ||||||
| 2013-03-10 | 371.92 ع أ ك | ن 1 | 2012-07-31 | مكتبة مجمع الطالبات بالمجمعة (EMF) | 00108543 | مكتبة مجمع الطالبات بالمجمعة (EMF) | 2018-09-20 | 2018-10-03 | كتاب | Dewey Decimal Classification | 4 | 2 | |||
| 2013-03-10 | 371.92 ع أ ك | ن 2 | 2012-07-31 | مكتبة مجمع الطالبات بالمجمعة (EMF) | 00108544 | مكتبة مجمع الطالبات بالمجمعة (EMF) | 2013-03-10 | كتاب | Dewey Decimal Classification |
